Impact of Heat Treatment on Humic Acid Elemental Content and Thermal Stability; Procedia Chemistry; Vol. 15 : Chemistry and Chemical Engineering in XXI century (CCE 2015)
| Parent link: | Procedia Chemistry Vol. 15 : Chemistry and Chemical Engineering in XXI century (CCE 2015).— 2015.— [P. 288-291] |
|---|---|
| organizacja autorów: | , |
| Kolejni autorzy: | , , , |
| Streszczenie: | Title screen The article examines the impact of thermal peat modification on the elemental content and properties of humic acids. It has been revealed that preliminary heat treatment of different peat types characterized by various decomposition degrees causes the changes in elemental content; precisely it leads to the increase in macromolecule benzoid degree and subsequent enhancement of its thermal stability. Режим доступа: по договору с организацией-держателем ресурса |
| Język: | angielski |
| Wydane: |
2015
|
| Hasła przedmiotowe: | |
| Dostęp online: | http://dx.doi.org/10.1016/j.proche.2015.10.046 http://earchive.tpu.ru/handle/11683/15066 |
| Format: | MixedMaterials Elektroniczne Rozdział |
| KOHA link: | https://koha.lib.tpu.ru/cgi-bin/koha/opac-detail.pl?biblionumber=645380 |
MARC
| LEADER | 00000nla2a2200000 4500 | ||
|---|---|---|---|
| 001 | 645380 | ||
| 005 | 20240219144746.0 | ||
| 035 | |a (RuTPU)RU\TPU\network\10464 | ||
| 035 | |a RU\TPU\network\10462 | ||
| 090 | |a 645380 | ||
| 100 | |a 20151217a2015 k y0engy50 ba | ||
| 101 | 0 | |a eng | |
| 105 | |a y z 100zy | ||
| 135 | |a drgn ---uucaa | ||
| 181 | 0 | |a i | |
| 182 | 0 | |a b | |
| 200 | 1 | |a Impact of Heat Treatment on Humic Acid Elemental Content and Thermal Stability |f N. V. Chukhareva [et al.] | |
| 203 | |a Text |c electronic | ||
| 300 | |a Title screen | ||
| 320 | |a [References: р. 291 (7 tit.)] | ||
| 330 | |a The article examines the impact of thermal peat modification on the elemental content and properties of humic acids. It has been revealed that preliminary heat treatment of different peat types characterized by various decomposition degrees causes the changes in elemental content; precisely it leads to the increase in macromolecule benzoid degree and subsequent enhancement of its thermal stability. | ||
| 333 | |a Режим доступа: по договору с организацией-держателем ресурса | ||
| 461 | 0 | |0 (RuTPU)RU\TPU\network\3889 |t Procedia Chemistry | |
| 463 | 0 | |0 (RuTPU)RU\TPU\network\10324 |t Vol. 15 : Chemistry and Chemical Engineering in XXI century (CCE 2015) |o XVI International Scientific Conference dedicated to Professor L.P. Kulyov, 25-29 May 2015, Tomsk, Russia |f National Research Tomsk Polytechnic University (TPU) ; ed. E. I. Korotkova |v [P. 288-291] |d 2015 | |
| 610 | 1 | |a электронный ресурс | |
| 610 | 1 | |a труды учёных ТПУ | |
| 610 | 1 | |a торф | |
| 610 | 1 | |a термическая обработка | |
| 610 | 1 | |a термическая стабильность | |
| 610 | 1 | |a групповой состав | |
| 610 | 1 | |a элементный состав | |
| 610 | 1 | |a гуминовые кислоты | |
| 701 | 1 | |a Chukhareva |b N. V. |c specialist in the field of oil and gas business |c associate Professor, Tomsk Polytechnic University, candidate of chemical Sciences |f 1967- |g Natalia Vyacheslavovna |3 (RuTPU)RU\TPU\pers\30652 |9 14933 | |
| 701 | 1 | |a Malinovskaya |b T. |g Tatiana | |
| 701 | 1 | |a Korotchenko |b T. V. |c Linguist |c Associate Professor of Tomsk Polytechnic University, Candidate of philological science |f 1982- |g Tatiana Valerievna |3 (RuTPU)RU\TPU\pers\30952 |9 15190 | |
| 701 | 1 | |a Rozhkova |b D. |g Darya | |
| 712 | 0 | 2 | |a Национальный исследовательский Томский политехнический университет (ТПУ) |b Институт природных ресурсов (ИПР) |b Кафедра транспорта и хранения нефти и газа (ТХНГ) |3 (RuTPU)RU\TPU\col\18661 |
| 712 | 0 | 2 | |a Национальный исследовательский Томский политехнический университет (ТПУ) |b Институт природных ресурсов (ИПР) |b Кафедра иностранных языков (ИЯПР) |3 (RuTPU)RU\TPU\col\18662 |
| 801 | 2 | |a RU |b 63413507 |c 20161121 |g RCR | |
| 856 | 4 | |u http://dx.doi.org/10.1016/j.proche.2015.10.046 | |
| 856 | 4 | |u http://earchive.tpu.ru/handle/11683/15066 | |
| 942 | |c CF | ||